Is That Alien From Star Wars or Star Trek? Quiz Stats

Quiz Updated Nov 10, 2017

Challenge
Share
Tweet
Score 0/20 Timer 04:00
2 Plays Today
Alien race % Correct
???
94.2%
???
93.8%
???
92.8%
???
92.5%
???
92%
???
91.9%
???
91.6%
???
91%
???
90.3%
???
89.9%
Alien race % Correct
???
89.7%
???
89.1%
???
89.1%
???
87.9%
???
86.4%
???
86.3%
???
85.6%
???
82%
???
81.7%
???
75.5%

You're not logged in!

Compare scores with friends on all Sporcle quizzes.
Join for Free
OR
Log In

You Might Also Like...

Show Comments

Extras

Top Quizzes Today


Score Distribution

Your Account Isn't Verified!

In order to create a playlist on Sporcle, you need to verify the email address you used during registration. Go to your Sporcle Settings to finish the process.

Report this User

Report this user for behavior that violates our Community Guidelines.

Details: